Bulletin Centra vedecko-technických informácií SR knihovníctvo - informatika - teória - prax

Na minha lista:
Detalhes bibliográficos
Formato: Periódico
Idioma:eslovaco
Publicado em: Bratislava Centrum vedecko-technických informácií SR 1998
Assuntos:
Tags: Adicionar Tag
Sem tags, seja o primeiro a adicionar uma tag!

MARC

LEADER 00000nas2a2200000 4500
001 s122149
005 20221220125236.7
022 |a 1335-2164 
041 0 |a slo 
044 |a SK 
245 1 0 |a Bulletin Centra vedecko-technických informácií SR  |b knihovníctvo - informatika - teória - prax 
264 1 |a Bratislava  |b Centrum vedecko-technických informácií SR  |c 1998 
300 |a 1 zv.  |e reg. + mim. č. 
773 0 |w eu_un_cat*s121223 
610 2 0 |a knižnice 
610 2 0 |a informácie